000 00970cam a2200265Ia 4500
020 _a9789995097011
020 _a999509701X
040 _cAU@
082 _a305 FIS 2008 A014 Or.
245 0 0 _aGender implication in CBNRM :
_bthe roles, needs and aspirations of women in community fisheries : six case studies /
246 1 0 _aRoles, needs and aspirations of women in community fisheries
260 _aPhnom Penh, Cambodia :
_bFisheries Administration [and] CMNRM Learning Institute,
_c2008
300 _a124 p. :
_bill. (col.) ;
_c25 cm
500 _a"October 2008"
500 _aResearched and written by Chap Sopanha ... [et. al.] ; Reviewed and edited by Kaing Khim ... [et al.]
650 0 _aWomen in development
650 0 _aEconomic development projects
650 0 _aSustainable fisheries
650 0 _aWomen fish trade workers
700 1 _aSopana, Chap
700 1 _aKhim, Kaing
710 1 _aCambodia.
710 1 _aCambodia.
942 _cEK
999 _c13457
_d13457